000 00328nam a2200133Ia 4500
008 240624s9999 xx 000 0 und d
041 _aeng
082 _a658.3125 KOH
100 _aKOHLI A S
245 _aPERFORMANCE MANAGEMENT
260 _c2015
_aNew Delhi
_bOxford
300 _axvi, : 511 : p. : cm. ; 26
365 _cRS
_b31
999 _c24931
_d24931